Grid Puzzle #1 - Statistics

General Stats
  • This quiz has been taken 25 times
  • The average score is 6 of 21
Answer Stats
Hint Answer % Correct
Canned fish Tuna
71%
Performing in movie Acting
67%
Son of Adam and Eve Cain
48%
Italian motorcycle brand Ducati
43%
Enormous Giant
43%
Robber or Outlaw Bandit
38%
Fasten with string Bind
38%
Animal feces Dung
38%
Romantic meeting up Dating
29%
Official inspection Audit
24%
Enticing lure Bait
24%
African antelope Gnu
24%
Barrel stopper Bung
19%
Small dwelling Cabin
19%
Single entity Unit
19%
Loose top Tunic
5%
Cancel an offer Unbid
5%
ABDUCTING
0%
Intimidate Daunt
0%
Eccentric person Dingbat
0%
Formally admit Induct
0%
No matching quizzes found
Score Distribution
Percent of People with Each Score
Percentile by Number Answered
Your Score History
You have not taken this quiz